| 000 | 00599nam a2200217 a 4500 | ||
|---|---|---|---|
| 005 | 20140310183248.0 | ||
| 008 | 040921s19uu xx 00 eng d | ||
| 020 | _a0071216960 | ||
| 050 |
_aPN 1995 _b.B617 2004 |
||
| 100 | _aBordwell, David | ||
| 245 |
_aFilm art: _ban introduction. / _cDavid Bordwell |
||
| 250 | _a7th ed. | ||
| 260 |
_aBoston : _bMcGraw-Hill, _c2004. |
||
| 300 |
_a532 p. : _bill. ; _c27 cm. |
||
| 500 | _aIncludes glossary and index. | ||
| 521 | _aMC | ||
| 650 |
_aMotion pictures _xAesthetics. |
||
| 700 | _aThompson, Kristin | ||
| 942 |
_cBK _2lcc _kFOR |
||
| 999 |
_c20739 _d20739 |
||